000 00564cam a2200193 4500500
005 20260329003819.0
041 _afre
042 _adc
100 1 0 _aEnjalbert, Cédric
_eauthor
245 0 0 _aRejouer la Révolution
260 _c2017.
500 _a79
690 _aHistoire
690 _aJoël Pommerat
690 _aRévolution
690 _aThéâtre
786 0 _nPhilosophie magazine | 107 | 3 | 2017-03-01 | p. 63-63 | 1951-1787
856 4 1 _uhttps://shs.cairn.info/magazine-philosophie-magazine-2017-3-page-63?lang=fr&redirect-ssocas=7080
999 _c1827928
_d1827927